Geography Quiz

Random Geography or Asia Quiz

Border Checkup: -Stan Countries Quiz Stats

 Plays Quiz Updated Jun 29, 2018

Challenge
Share
Tweet
Embed
Score 0/21 Timer 03:00
0 Plays Today
Country Pair Border? % Correct
Afghanistan
Pakistan
???
87.7%
Uzbekistan
Turkmenistan
???
82.4%
Kyrgyzstan
Tajikistan
???
82.3%
Uzbekistan
Kazakhstan
???
82.1%
Kazakhstan
Kyrgyzstan
???
81.5%
Uzbekistan
Tajikistan
???
77.3%
Uzbekistan
Kyrgyzstan
???
76.7%
Kazakhstan
Pakistan
???
76.1%
Kyrgyzstan
Pakistan
???
71.8%
Afghanistan
Kazakhstan
???
69.9%
Uzbekistan
Pakistan
???
69.6%
Country Pair Border? % Correct
Afghanistan
Tajikistan
???
67.8%
Afghanistan
Turkmenistan
???
65.3%
Turkmenistan
Pakistan
???
63%
Kazakhstan
Turkmenistan
???
62.7%
Afghanistan
Kyrgyzstan
???
61.5%
Pakistan
Tajikistan
???
58.5%
Uzbekistan
Afghanistan
???
54.8%
Kyrgyzstan
Turkmenistan
???
49.8%
Kazakhstan
Tajikistan
???
48.7%
Turkmenistan
Tajikistan
???
37.3%

You're not logged in!

Compare scores with friends on all Sporcle quizzes.
Join for Free
OR
Log In

You Might Also Like...

Show Comments

Extras

Top Quizzes Today


Score Distribution

Your Account Isn't Verified!

In order to create a playlist on Sporcle, you need to verify the email address you used during registration. Go to your Sporcle Settings to finish the process.

Report this User

Report this user for behavior that violates our Community Guidelines.

Details: